000 00471nam a2200169Ia 4500
003 GCL
008 140319s9999 xx 000 0 eng d
040 _aGCL /
_cGCL
082 0 4 _a658
_bS M
100 1 _aSCHERR, FREDERICK C.
245 1 0 _aMODERN WORKING CAPITAL MANAGEMENT: TEXT /
_cSCHERR, FREDERICK C.
260 _a[S.N] :
_bPRANTICE - HALL INTERNATINAL, IN C ،
_c1989
300 _a496 P
650 0 4 _aWORKING CAPITAL
650 0 4 _aMANAGEMENT
942 _2ddc
_cBK
999 _c23022
_d23022